000 00749nam a2200241Ia 4500
003 GCL
008 140319s9999 xx 000 0 ara d
040 _aGCL /
_cGCL
082 0 4 _a330.32
_bع ا
100 1 _aعلى عبدالواحد وافى
245 1 0 _aالاقتصاد السياسى وتحقيق مسائلة فى ضوء علم الاجتماع /
_cعلى عبدالواحد وافى
260 _a[S.N] :
_bدار نهضة مصر للطبع والنشر
300 _a320 ص
490 _a
650 0 4 _aالاقتصاد
650 0 4 _aالسياسة
650 0 4 _aالعرض والطلب
650 0 4 _aالاجتماع
650 0 4 _aالانتاج
650 0 4 _aمناهج
650 0 4 _aالاستبدال
942 _2ddc
_cBK
999 _c29448
_d29448